Statistiques concernant Focus sur: Adamanta Boulot - Tolkien

Cliquez ici pour prendre le quiz!

Statistiques générales

  • Ce quiz a été pris 3 fois
  • Le résultat moyen est 7 sur 20

Statistiques - réponses

Informations recherchéesRéponses% Correct
ContréeComté
100%
EspèceHobbit
100%
Première mentionLe Seigneur des Anneaux: La Communauté de l'Anneau
100%
Age durant lequel il vécutTroisième
100%
VilleBourg-de-Touque
67%
Chubb
33%
Autres traductions du nomFouineur
33%
EpouxGerontius Touque
33%
Hildigard Touque
33%
FilsIsengrim Touque
33%
Isumbras Touque
33%
FillesBelladonna Touque
0%
Donnamira Touque
0%
Hildibrand Touque
0%
Hildifons Touque
0%
Hildigrim Touque
0%
Isambard Touque
0%
Isembold Touque
0%
Isengard Touque
0%
Mirabella Touque
0%

Distribution des résultats

Percentile par nombre de réponses

% des personnes avec chaque résultat

Votre développement - résultats

Vous n’avez pas pris ce quiz